| 000 | 00422nam a2200133 a 4500 | ||
|---|---|---|---|
| 001 | 5493 | ||
| 003 | CDMR | ||
| 005 | 20150707125641.0 | ||
| 008 | 130130s2004||||||||||||||||||||||||||||d | ||
| 040 |
_aCDMR _bcat _cCPC GIRONA |
||
| 245 | 0 |
_aQuaranta anys d'ensenyament a Catalunya _b: anem prou bé? |
|
| 260 |
_c2004 _bCol·legi Oficial de Doctors i Llicenciats en Filosofia i Lletres i en Ciències de Catalunya |
||
| 942 |
_cMON _2udc |
||
| 999 |
_c5493 _d5493 |
||